000 01652nam0a2200325 4500
001 RU\NLR\bibl\110544
005 20260406161759.0
010 _a5-7464-0441-1
_92000
021 _aRU
_b2000-19575
_9920
035 _a(NLR Aleph) 000108199
090 _a613141
_c613141
100 _a20000929d1999 |||y0rusy50 ca
101 0 _arus
102 _aRU
105 _ay |||||||||
200 1 _aРодителям о наркотиках и наркомании
_fГос. ком. Республики Татарстан по делам детей и молодежи и др.
_g[Авт.-сост.: Г. Ананьева и др.]
210 _aКазань
_cИзд-во Каз. ун-та
_d1999
215 _a25, [1] с.
_d21
300 _aВ надзаг. также: Каз. обществ. фонд "Выбор", Гор. центр профилактики "Выбор" КУП "Подросток", Междунар. независимая ассоц. трезвости
606 0 _aНаркомания у подростков
_jПопулярная литература
_91475056
_3RU\NLR\auth\66318078
606 0 _aНаркомания подростков
_jПопулярные издания
_92141741
_3RU\NLR\auth\661290804
686 _aР733.645.1я9
702 1 _aАнаньева
_bГ.
_4220
712 0 1 _4570
_aРеспублика Татарстан
_bКомитет по делам детей и молодежи
_3RU\NLR\AUTH\889933160
_9361502
801 0 _aRU
_bNLR
_c20000929
_gPSBO
801 1 _aRU
_bNLR
_c20000929
852 _aNLR
_j2000-4/5630
942 _cBOOK
980 _aNB